zpět

Detail výsledku týmu

Pivovar Born, Nový Bor

Datum a čas kvízu

22 Celkem bodů Celkový počet nahraných bodů na tomto kvízu bez doplňovacích otázek.
1. Pořadí na kvízu Konečné umístění týmu na tomto kvízu.

Zaznamenané odpovědi

# Otázka Odpověď Body Výsledky
1. Česká vláda ve středu jmenoval... Michal Koudelka 1
2. Chorvatská národní banka oznám... kuna 0
3. Ve čtvrtek začal již 72. roční... Berlinale 1
4. Jeden muž se minulý týden vrát... Mirek Topolánek 0
5. NBA zaznamenala minulý týden n... James Harden 0
6. Začneme jedním ze základních a... 1B 2C 3A 4D 0
7. Pokud byste se chtěli naučit k... pravou mozkovou hemisférou 1
8. Který renesanční umělec je aut... Leonardo da Vinci 1
9. Vedle klasických pastelek, jak... akvarelové 1
10. Firma Koh-i-noor Hardtmuth je... v Českých Budějovicích 1